000
00377nam a22001697a 4500
003
MPLRDC
005
20220104114400.0
008
210129b ||||| |||| 00| 0 eng d
082
_a
857.62 DL*
100
_a
戴力著
245
_a
杀手无情
_c
250
_a
初版
260
_a
_b
武侠春秋出版社
_c
1974
300
_b
平
650
_a
942
_c
BK
_o
857.62 DL*
999
_c
7042
_d
7032